<?xml version="1.0" encoding="UTF-8"?>
<record
    xmlns:xsi="http://www.w3.org/2001/XMLSchema-instance"
    xsi:schemaLocation="http://www.loc.gov/MARC21/slim http://www.loc.gov/standards/marcxml/schema/MARC21slim.xsd"
    xmlns="http://www.loc.gov/MARC21/slim">

  <leader>01150nam a2200193 a 4500</leader>
  <controlfield tag="005">20250816123951.0</controlfield>
  <datafield tag="020" ind1=" " ind2=" ">
    <subfield code="a">8122432034 (paperback)</subfield>
  </datafield>
  <datafield tag="020" ind1=" " ind2=" ">
    <subfield code="a">9788122432039 (paperback)</subfield>
  </datafield>
  <datafield tag="082" ind1=" " ind2=" ">
    <subfield code="a">541.38 ARN</subfield>
  </datafield>
  <datafield tag="100" ind1="1" ind2=" ">
    <subfield code="a">Arnikar, H.J.</subfield>
    <subfield code="9">652</subfield>
  </datafield>
  <datafield tag="245" ind1="1" ind2="0">
    <subfield code="a">Essentials of nuclear chemistry /</subfield>
  </datafield>
  <datafield tag="250" ind1=" " ind2=" ">
    <subfield code="a">4th ed.</subfield>
  </datafield>
  <datafield tag="260" ind1=" " ind2=" ">
    <subfield code="a">[S.l.] :</subfield>
    <subfield code="b">New Age International Pvt. Ltd</subfield>
    <subfield code="c">2010.</subfield>
  </datafield>
  <datafield tag="300" ind1=" " ind2=" ">
    <subfield code="a">446 p. ;</subfield>
  </datafield>
  <datafield tag="520" ind1=" " ind2=" ">
    <subfield code="a">The revised edition retains the essential theories of nuclear structure and stability, radioactivity and the principles of fission, fusion and breeder reactors of the earlier editions. The preparation of the more commonly used radioisotopes and their uses as tracers in research, medicine, agriculture and industry are described. The book also covers the elements of Radiation and Radiochemistry illustrated with additional examples. The section on Mossbauer effect is retained. The chapter on the detection and measurement of radioactivity is revised to include thermoluminescence and Cerenkov detectors.</subfield>
  </datafield>
  <datafield tag="650" ind1=" " ind2=" ">
    <subfield code="a">nuclear chemistry</subfield>
    <subfield code="9">651</subfield>
  </datafield>
  <datafield tag="856" ind1="4" ind2="0">
    <subfield code="u">http://www.amazon.com/exec/obidos/ASIN/8122432034/chopaconline-20</subfield>
  </datafield>
  <datafield tag="942" ind1=" " ind2=" ">
    <subfield code="c">BK</subfield>
  </datafield>
  <datafield tag="999" ind1=" " ind2=" ">
    <subfield code="c">2534</subfield>
    <subfield code="d">2534</subfield>
  </datafield>
  <datafield tag="952" ind1=" " ind2=" ">
    <subfield code="0">0</subfield>
    <subfield code="1">0</subfield>
    <subfield code="7">0</subfield>
    <subfield code="8">NFIC</subfield>
    <subfield code="a">IC</subfield>
    <subfield code="b">IC</subfield>
    <subfield code="c">GEN</subfield>
    <subfield code="d">2015-11-28</subfield>
    <subfield code="l">13</subfield>
    <subfield code="m">3</subfield>
    <subfield code="o">541.38 ARN</subfield>
    <subfield code="p">006561</subfield>
    <subfield code="r">2024-12-16 14:42:29</subfield>
    <subfield code="s">2024-11-30</subfield>
    <subfield code="w">2015-11-28</subfield>
    <subfield code="y">BK</subfield>
  </datafield>
</record>
